000 00931cad a22002295 4500
001 E147638
008 090601s2009 xxkad f s 000 0 eng d
035 _a(Sirsi) u147638
041 0 _aeng
050 0 4 _a333.33 $2 18
110 2 _aInvestment Property Databank
_92288
245 0 0 _aIPD pan-European property index results to December 2008
260 _aLondon
_bIPD
_c2009
490 0 _aIPD Pan-European Property Index
_vDecember 2008
520 _aUngeared total returns to direct property investments fell significantly across Europe in 2008, down to -4.0% from 6.7% in 2007. Overall capital values fell, with one of the biggest falls being in the UK
590 _aKA
650 2 4 _aIPD PAN EUROPEAN PROPERTY INDEX
651 4 _aEurope
690 _aPROPERTY-COMMERCIAL PROPERTY-COMMERCIAL PROPERTY MARKET
856 4 0 _uhttps://www.ipdindex.co.uk/
_zView the item free of charge at www.ipdindex.co.uk...
942 _n0
999 _c109668
_d109668